| 000 | 00463nam a2200181Ia 4500 | ||
|---|---|---|---|
| 003 | LK-CoDNM | ||
| 005 | 20240913114000.0 | ||
| 008 | 010623t1923 xxu||||| |||| 00| 1 eng d | ||
| 040 |
_aLK-CoDNM _dLK-CoDNM _eLK-CoDNM |
||
| 041 | _aeng | ||
| 080 |
_a14 _bC39 |
||
| 100 | _aWalker,E.L. | ||
| 245 | _aElephant Hunting and Shooting in Ceylon | ||
| 260 |
_bTimes of Ceylon Co. _aColombo _c1923 |
||
| 300 | _b90p. : ill , 20 cm | ||
| 650 | _aElephant | ||
| 942 | _cBK | ||
| 999 |
_c91483 _d91483 |
||